| 000 | 00397pam a2200157 a 4500 | ||
|---|---|---|---|
| 020 |
_a9780071287357 _c |
||
| 041 | _h | ||
| 082 |
_a616.01 _bBRO |
||
| 245 |
_aJawetz Melnick & Adelberg`s Medical Microbiology _hTextual Documents |
||
| 250 |
_a24th ed. / _b2007. |
||
| 260 |
_bMcGraw-Hill _c2007 |
||
| 300 | _a818. | ||
| 653 | _aMicrobiology | ||
| 700 |
_aBrooks Geo f. , _eAuthor. |
||
| 930 | _a8756 | ||
| 999 |
_c8751 _d8751 |
||